| 000 | 00665nam a2200241Ia 4500 | ||
|---|---|---|---|
| 003 | OSt | ||
| 005 | 20220924114821.0 | ||
| 006 | a|||||r|||| 00| 0 | ||
| 007 | ta | ||
| 008 | 220923b |||||||| |||| 00| 0 ara d | ||
| 024 | _a338127 | ||
| 037 | _cTextual | ||
| 040 |
_aARTS _cARTS _bara |
||
| 041 |
_2ara _aara |
||
| 082 | _aO28,3M89x, K0 | ||
| 100 |
_aAqqad Abbas Mehmood Au. _9175552 |
||
| 245 | 0 | _aAbqarriyat jayyati | |
| 260 |
_aCairo _bMaktaba dar-al-aruba Egypt _c1960 |
||
| 300 |
_a202p. _ccm. |
||
| 650 |
_aARABIC FICTION _964594 |
||
| 942 |
_hO28,3M89x, K0 _cTEXL _2CC |
||
| 999 |
_c395454 _d395454 |
||